[Event "Chebanenco Memorial"]
[Site "Kishinev"]
[Date "2007.03.19"]
[Round "12"]
[White "Doncea, Vladimir"]
[Black "Podgurkii, Stepan"]
[Result "1-0"]
[WhiteElo "2379"]
[BlackElo "1958"]
[PlyCount "141"]
[EventDate "2007.03.10"]
[EventType "tourn"]
[EventRounds "13"]
[EventCountry "MDA"]
[SourceTitle "EXT 2010"]
[Source "ChessBase"]
[SourceDate "2010.11.25"]
[SourceVersion "1"]
[SourceVersionDate "2010.11.25"]
[SourceQuality "1"]

1. c4 Nf6 2. Nc3 e5 3. g3 d5 4. cxd5 Nxd5 5. Bg2 Nb6 6. Nf3 Nc6 7. 0-0 Be7 8. d3 0-0 9. Be3 Bg4 10. Rc1 Kh8 11. Ne4 Nd4 12. Bxd4 exd4 13. Nc5 Bxc5 14. Rxc5 Qd6 15. b4 c6 16. Qd2 Nd7 17. Rc2 Nb6 18. Rfc1 Rae8 19. a3 f6 20. h3 Be6 21. Rc5 a6 22. Rh5 g5 23. h4 g4 24. Qh6 Rf7 25. Nd2 f5 26. Nb3 Rd8 27. Nxd4 Qxd4 28. Qxe6 Rdf8 29. Rc5 f4 30. Qe5+ Qxe5 31. Rcxe5 Nd7 32. Re6 f3 33. Bf1 fxe2 34. Rxe2 Nf6 35. Rf5 h6 36. Bg2 Kg7 37. Rf4 Rd8 38. Be4 Rd4 39. Kg2 a5 40. bxa5 Ra4 41. Bg6 Rxf4 42. Bxf7 Ra4 43. Re7 Rxa5 44. Rxb7 Rxa3 45. Bc4+ Kg6 46. Rc7 Kf5 47. Rxc6 Ra1 48. Bf7 Ra5 49. d4 Ra7 50. Bb3 Kg6 51. d5 Rd7 52. f3 gxf3+ 53. Kxf3 Kg7 54. Rc5 Rb7 55. Bc2 Nd7 56. Rc3 Nf6 57. Rd3 Rd7 58. Bb3 Kf8 59. Kf4 Rd8 60. Ke5 Nd7+ 61. Kd6 Nf6+ 62. Ke6 Kg7 63. Rc3 Re8+ 64. Kf5 Re7 65. d6 Rb7 66. Rc7+ Rxc7 67. dxc7 Ne8 68. c8N Nf6 69. Nd6 Nh5 70. Ne4 Kh7 71. Nf6+ 1-0

[Event "Techirghiol Fair Play 11th"]
[Site "Techirghiol"]
[Date "2003.07.10"]
[Round "10"]
[White "Vioreanu, Bogdan Gabriel"]
[Black "Podgurkii, Stepan"]
[Result "0-1"]
[WhiteElo "2395"]
[BlackElo "2151"]
[PlyCount "102"]
[EventDate "2003.07.01"]
[EventType "tourn"]
[EventRounds "11"]
[EventCountry "ROU"]
[EventCategory "2"]
[SourceTitle "CBM 095 Extra"]
[Source "ChessBase"]
[SourceDate "2003.09.04"]
[SourceVersion "1"]
[SourceVersionDate "2003.09.04"]
[SourceQuality "1"]

1. d4 d5 2. c4 dxc4 3. Nf3 Nf6 4. e3 e6 5. Bxc4 c5 6. 0-0 Nc6 7. Qe2 cxd4 8. Rd1 Be7 9. exd4 0-0 10. Nc3 Na5 11. Bd3 b6 12. Ne5 Bb7 13. Be3 a6 14. Bc2 b5 15. a3 Nd5 16. Ne4 Nxe3 17. Qxe3 Nc4 18. Qh3 g6 19. Nc5 Nxe5 20. Nxb7 Qd5 21. dxe5 Qxb7 22. Qe3 Rad8 23. b4 Rxd1+ 24. Rxd1 Rd8 25. Kf1 Rxd1+ 26. Bxd1 Qc7 27. Be2 a5 28. Bxb5 axb4 29. axb4 Bxb4 30. f4 Ba5 31. Be2 Bb6 32. Qd2 Qc5 33. Bf3 Qg1+ 34. Ke2 Qxh2 35. Kd3 Qg1 36. Ke2 Kg7 37. Kd3 Qa1 38. Ke2 Ba5 39. Qe3 Qe1+ 40. Kd3 Qb1+ 41. Kc4 Qc2+ 42. Kb5 Bd2 43. Qd4 Qb3+ 44. Kc6 Be3 45. Qd8 Qa4+ 46. Kb7 Qxf4 47. Qd7 Qxe5 48. Bc6 h5 49. Qd3 h4 50. Qc4 g5 51. Bf3 Qd4 0-1

[Event "Techirghiol Fair Play 11th"]
[Site "Techirghiol"]
[Date "2003.07.04"]
[Round "4"]
[White "Podgurkii, Stepan"]
[Black "Florescu, Codrut Constantin"]
[Result "1/2-1/2"]
[WhiteElo "2151"]
[BlackElo "2416"]
[PlyCount "80"]
[EventDate "2003.07.01"]
[EventType "tourn"]
[EventRounds "11"]
[EventCountry "ROU"]
[EventCategory "2"]
[SourceTitle "CBM 095 Extra"]
[Source "ChessBase"]
[SourceDate "2003.09.04"]
[SourceVersion "1"]
[SourceVersionDate "2003.09.04"]
[SourceQuality "1"]

1. d4 Nf6 2. Nf3 b6 3. g3 Bb7 4. Bg2 g6 5. 0-0 Bg7 6. c4 0-0 7. Nc3 Ne4 8. Nxe4 Bxe4 9. Be3 c5 10. Qd2 d6 11. Bh6 Nd7 12. Bxg7 Kxg7 13. Rfd1 Qc7 14. Re1 Rab8 15. Rac1 Nf6 16. Nh4 Bxg2 17. Nxg2 cxd4 18. Qxd4 Qc5 19. Red1 Qxd4 20. Rxd4 Rfc8 21. Ne3 b5 22. b3 Rc6 23. f3 Rbc8 24. Kf2 Kf8 25. Rc2 Nd7 26. Rcd2 b4 27. Nd5 a5 28. Rb2 e6 29. Ne3 Ke7 30. Rd1 Rb8 31. Nc2 Nc5 32. Ne1 f5 33. h4 a4 34. Nd3 a3 35. Rbd2 Nd7 36. Nf4 Ne5 37. Nd3 Nf7 38. Nf4 Kf6 39. Ra1 h6 40. Rh1 Ne5 1/2-1/2

[Event "Techirghiol Fair Play 11th"]
[Site "Techirghiol"]
[Date "2003.07.02"]
[Round "2"]
[White "Podgurkii, Stepan"]
[Black "Burnoiu, Constantina"]
[Result "0-1"]
[WhiteElo "2151"]
[BlackElo "2180"]
[PlyCount "88"]
[EventDate "2003.07.01"]
[EventType "tourn"]
[EventRounds "11"]
[EventCountry "ROU"]
[EventCategory "2"]
[SourceTitle "CBM 095 Extra"]
[Source "ChessBase"]
[SourceDate "2003.09.04"]
[SourceVersion "1"]
[SourceVersionDate "2003.09.04"]
[SourceQuality "1"]

1. d4 Nf6 2. Nf3 e6 3. e3 b6 4. Be2 Bb7 5. 0-0 Be7 6. c4 0-0 7. Nc3 d6 8. b3 Nbd7 9. Bb2 a6 10. Rc1 c5 11. dxc5 Nxc5 12. Nd4 Rc8 13. f3 Qc7 14. Qd2 Rfd8 15. Rfd1 Qb8 16. b4 Ncd7 17. a3 Rc7 18. Na4 Ba8 19. Rc2 Ne5 20. Rdc1 Nfd7 21. e4 h6 22. Qe3 Rdc8 23. Ba1 Ng6 24. g3 e5 25. Nf5 Bg5 26. Qf2 Bxc1 27. Rxc1 d5 28. exd5 Bxd5 29. Nd6 Rd8 30. Rd1 Ba8 31. c5 bxc5 32. Nxc5 Nxc5 33. bxc5 Qb3 34. Rd3 Qb1+ 35. Rd1 Qc2 36. Rf1 Qxc5 37. Ne4 Qxf2+ 38. Kxf2 Rc2 39. Ke3 Ne7 40. Bxe5 Nf5+ 41. Kf2 Bxe4 42. fxe4 Re8 43. Ba1 Rxe4 44. Re1 Ra2 0-1

[Event "Centrocoop June op-B"]
[Site "Eforie Nord"]
[Date "1999.06.??"]
[Round "?"]
[White "Ristea, Tudor"]
[Black "Podgurkii, Stepan"]
[Result "0-1"]
[WhiteElo "2165"]
[BlackElo "2055"]
[PlyCount "75"]
[EventDate "1999.06.??"]
[EventType "swiss"]
[EventRounds "11"]
[EventCountry "ROU"]
[SourceTitle "EXT 2004"]
[Source "ChessBase"]
[SourceDate "2003.11.25"]
[SourceVersion "1"]
[SourceVersionDate "2003.11.25"]
[SourceQuality "1"]

1. d4 Nf6 2. c4 e6 3. Nc3 Bb4 4. e3 c5 5. Bd3 Nc6 6. Nf3 0-0 7. 0-0 cxd4 8. exd4 d5 9. Bg5 dxc4 10. Bxc4 Be7 11. Re1 a6 12. a3 Nd5 13. Bxe7 Ncxe7 14. Qd3 b5 15. Bb3 Bb7 16. Bc2 Nf5 17. Ne4 Nf4 18. Qd2 Ng6 19. Rad1 Nd6 20. Ne5 Nxe4 21. Bxe4 Bxe4 22. Rxe4 Ne7 23. Rg4 Rc8 24. h4 Rc7 25. h5 Nd5 26. Rg3 Qh4 27. Qe2 Rfc8 28. Rg4 Qf6 29. Rd2 Qf5 30. Rg3 Nf4 31. Qf3 Qxh5 32. Qxh5 Nxh5 33. Rf3 Nf6 34. Kf1 Rc1+ 35. Ke2 Ne4 36. Rdd3 R8c2+ 37. Ke3 Re1+ 38. Kf4 0-1

[Event "Bucharest Fest IM"]
[Site "Bucharest"]
[Date "1998.??.??"]
[Round "?"]
[White "Covlea, Vlad"]
[Black "Podgurkii, Stepan"]
[Result "1-0"]
[WhiteElo "2250"]
[BlackElo "2305"]
[PlyCount "76"]
[EventDate "1998.10.??"]
[EventType "tourn"]
[EventRounds "14"]
[EventCountry "ROU"]
[EventCategory "3"]
[SourceTitle "EXT 2000"]
[Source "ChessBase"]
[SourceDate "1999.11.16"]
[SourceVersion "1"]
[SourceVersionDate "1999.11.16"]
[SourceQuality "1"]

1. d4 Nf6 2. Nf3 e6 3. Bg5 c5 4. e3 Qb6 5. Nbd2 Qxb2 6. Bd3 d5 7. c4 dxc4 8. Bxc4 Nbd7 9. 0-0 Qb6 10. Qa4 Be7 11. Rab1 Qc7 12. Bf4 Qd8 13. dxc5 Bxc5 14. Rfd1 Qe7 15. Nb3 Ba3 16. Nbd4 0-0 17. Nb5 Bc5 18. Qc2 e5 19. Bg5 h6 20. Bh4 Nb6 21. Be2 g5 22. Bg3 a6 23. Nc3 e4 24. Ne5 Bf5 25. a4 Rad8 26. Rxd8 Rxd8 27. Nc4 Nxc4 28. Bxc4 Bd6 29. Qb3 Bxg3 30. hxg3 Rd7 31. Ne2 Kg7 32. Nd4 Bg6 33. Qb6 Kh7 34. Qb5 Ng4 35. Be2 Rxd4 36. Bxg4 Rd6 37. Bc8 b6 38. Qxa6 Qc7 1-0

[Event "Centrocoop June op-A"]
[Site "Eforie Nord "]
[Date "1998.??.??"]
[Round "?"]
[White "Gavela, Dragan"]
[Black "Podgurkii, Stepan"]
[Result "1-0"]
[WhiteElo "2300"]
[BlackElo "2165"]
[PlyCount "89"]
[EventDate "1998.06.??"]
[EventType "swiss"]
[EventRounds "11"]
[EventCountry "ROU"]
[SourceTitle "EXT 2000"]
[Source "ChessBase"]
[SourceDate "1999.11.16"]
[SourceVersion "1"]
[SourceVersionDate "1999.11.16"]
[SourceQuality "1"]

1. e4 c5 2. Nc3 Nc6 3. f4 g6 4. Nf3 Bg7 5. Bc4 d6 6. 0-0 Bg4 7. Bxf7+ Kd7 8. d3 Nh6 9. Bc4 Nd4 10. Be3 Bxf3 11. gxf3 Rf8 12. Qd2 Ng8 13. Ne2 e6 14. c3 Nxe2+ 15. Qxe2 Bh6 16. d4 Bxf4 17. Bxf4 Rxf4 18. dxc5 Qg5+ 19. Kh1 Qxc5 20. Rad1 Rc8 21. Rd4 Ke7 22. Bb3 Qe5 23. Rfd1 Rd8 24. Rb4 b6 25. Rb5 Qg7 26. a4 Qf7 27. Kg2 Kf8 28. a5 bxa5 29. Rxa5 Rb8 30. Ra3 Rb6 31. Rda1 Ne7 32. Bd1 Nc8 33. b4 g5 34. Qc4 Rb8 35. Ra6 g4 36. Qd3 gxf3+ 37. Bxf3 Qg6+ 38. Kh1 d5 39. Qe3 Qf6 40. Rxe6 Qf7 41. exd5 Rxf3 42. Qh6+ Kg8 43. Rg1+ Kh8 44. Re8+ Qxe8 45. Qg7# 1-0

[Event "Centrocoop June op-A"]
[Site "Eforie Nord "]
[Date "1998.??.??"]
[Round "?"]
[White "Podgurkii, Stepan"]
[Black "Lokchin, Anatoli"]
[Result "0-1"]
[WhiteElo "2165"]
[BlackElo "2000"]
[PlyCount "70"]
[EventDate "1998.06.??"]
[EventType "swiss"]
[EventRounds "11"]
[EventCountry "ROU"]
[SourceTitle "EXT 2000"]
[Source "ChessBase"]
[SourceDate "1999.11.16"]
[SourceVersion "1"]
[SourceVersionDate "1999.11.16"]
[SourceQuality "1"]

1. e4 c5 2. Nf3 d6 3. d4 cxd4 4. Nxd4 Nf6 5. Nc3 g6 6. Be2 Bg7 7. 0-0 0-0 8. Kh1 Nc6 9. Be3 a6 10. a4 Qc7 11. Qd2 Re8 12. Rfc1 Ne5 13. f3 Bd7 14. a5 Nc4 15. Bxc4 Qxc4 16. g4 Rad8 17. Ra3 e5 18. Nde2 Bc6 19. Bb6 Rd7 20. g5 Nh5 21. Nd5 Bxd5 22. b3 Qc6 23. exd5 Qc8 24. Ra4 Rde7 25. Re4 Qh3 26. Qd3 f5 27. gxf6 Nxf6 28. Ng3 Nxe4 29. Nxe4 Rf8 30. Rf1 Rd7 31. c4 Rf4 32. b4 Rxe4 33. Rg1 Rh4 34. Rg2 Rf7 35. Rf2 e4 0-1

[Event "Bucharest Fest IM"]
[Site "Bucharest"]
[Date "1998.??.??"]
[Round "?"]
[White "Podgurkii, Stepan"]
[Black "Moraru, Marius"]
[Result "0-1"]
[WhiteElo "2305"]
[BlackElo "2420"]
[PlyCount "62"]
[EventDate "1998.10.??"]
[EventType "tourn"]
[EventRounds "14"]
[EventCountry "ROU"]
[EventCategory "3"]
[SourceTitle "EXT 2000"]
[Source "ChessBase"]
[SourceDate "1999.11.16"]
[SourceVersion "1"]
[SourceVersionDate "1999.11.16"]
[SourceQuality "1"]

1. e4 c5 2. Nf3 Nc6 3. d4 cxd4 4. Nxd4 Nf6 5. Nc3 e5 6. Ndb5 d6 7. Bg5 a6 8. Na3 b5 9. Nd5 Be7 10. Bxf6 Bxf6 11. Nb1 0-0 12. a4 b4 13. Nd2 Bg5 14. Nf3 Bh6 15. Bc4 Kh8 16. 0-0 Ra7 17. Re1 g6 18. c3 bxc3 19. bxc3 f5 20. Nd2 Na5 21. Ba2 Nb7 22. Nb4 Bd7 23. Nc4 a5 24. Nd5 fxe4 25. Bb1 Nc5 26. Bxe4 Nxe4 27. Rxe4 Bf5 28. Re1 Be6 29. Qd3 Qh4 30. Ra2 Raf7 31. Ree2 Bf5 0-1

[Event "Centrocoop June op-A"]
[Site "Eforie Nord "]
[Date "1998.??.??"]
[Round "?"]
[White "Puskas, Janos"]
[Black "Podgurkii, Stepan"]
[Result "0-1"]
[WhiteElo "2100"]
[BlackElo "2165"]
[PlyCount "42"]
[EventDate "1998.06.??"]
[EventType "swiss"]
[EventRounds "11"]
[EventCountry "ROU"]
[SourceTitle "EXT 2000"]
[Source "ChessBase"]
[SourceDate "1999.11.16"]
[SourceVersion "1"]
[SourceVersionDate "1999.11.16"]
[SourceQuality "1"]

1. Nf3 c5 2. c4 Nf6 3. Nc3 e6 4. g3 b6 5. Bg2 Bb7 6. 0-0 Qc7 7. d4 cxd4 8. Nb5 Qxc4 9. Ne5 Qc8 10. Bxb7 Qxb7 11. Qxd4 Nc6 12. Qd6 Rc8 13. Nc4 a6 14. Qxe6+ dxe6 15. Nbd6+ Bxd6 16. Nxd6+ Ke7 17. Nxb7 Rc7 18. Nd6 Kxd6 19. Bf4+ e5 20. Rfd1+ Ke6 21. Be3 Nd5 0-1

[Event "Centrocoop June op-A"]
[Site "Eforie Nord "]
[Date "1998.??.??"]
[Round "?"]
[White "Sharovatova, Anastasia"]
[Black "Podgurkii, Stepan"]
[Result "0-1"]
[WhiteElo "2000"]
[BlackElo "2165"]
[PlyCount "68"]
[EventDate "1998.06.??"]
[EventType "swiss"]
[EventRounds "11"]
[EventCountry "ROU"]
[SourceTitle "EXT 2000"]
[Source "ChessBase"]
[SourceDate "1999.11.16"]
[SourceVersion "1"]
[SourceVersionDate "1999.11.16"]
[SourceQuality "1"]

1. e4 c5 2. Nf3 Nc6 3. Bb5 d6 4. d4 cxd4 5. Qxd4 Bd7 6. Bxc6 Bxc6 7. Nc3 Nf6 8. Bg5 e6 9. 0-0-0 Be7 10. Rhe1 0-0 11. Qd2 Qa5 12. Kb1 Qa6 13. Nd4 Rfc8 14. g4 h6 15. Bxf6 Bxf6 16. f4 b5 17. g5 hxg5 18. fxg5 Be5 19. a3 Be8 20. Na2 Rc4 21. Nf3 Rac8 22. Nxe5 dxe5 23. Rc1 Qb7 24. Qg2 a5 25. Re3 b4 26. Qh3 Qc6 27. Qg2 Qc5 28. Rh3 Bc6 29. Qg4 Bxe4 30. Qh5 Kf8 31. Qh8+ Ke7 32. Qxg7 Rxc2 33. Qf6+ Kd6 34. Nc3 Rxc3+ 0-1

[Event "Bucharest-B"]
[Site "Bucharest"]
[Date "1994.??.??"]
[Round "?"]
[White "Bets, Anatolij"]
[Black "Podgurkii, Stepan"]
[Result "1/2-1/2"]
[WhiteElo "2405"]
[BlackElo "2250"]
[PlyCount "22"]
[EventDate "1994.??.??"]
[EventType "tourn"]
[EventRounds "15"]
[EventCountry "ROU"]
[EventCategory "4"]
[SourceTitle "EXT 1997"]
[Source "ChessBase"]
[SourceDate "1996.11.15"]
[SourceVersion "1"]
[SourceVersionDate "1996.11.15"]
[SourceQuality "1"]

1. b4 b5 2. Bb2 Bb7 3. f3 f5 4. e3 a6 5. Bd3 e6 6. Ne2 Nf6 7. 0-0 Nc6 8. a3 Be7 9. c4 bxc4 10. Bxc4 0-0 11. d4 Na7 1/2-1/2

[Event "Bucharest-B"]
[Site "Bucharest"]
[Date "1994.??.??"]
[Round "?"]
[White "Bobu, Adrian"]
[Black "Podgurkii, Stepan"]
[Result "1-0"]
[WhiteElo "2335"]
[BlackElo "2250"]
[PlyCount "83"]
[EventDate "1994.??.??"]
[EventType "tourn"]
[EventRounds "15"]
[EventCountry "ROU"]
[EventCategory "4"]
[SourceTitle "EXT 1997"]
[Source "ChessBase"]
[SourceDate "1996.11.15"]
[SourceVersion "1"]
[SourceVersionDate "1996.11.15"]
[SourceQuality "1"]

1. Nf3 c5 2. b3 d5 3. Bb2 Nc6 4. e3 Bg4 5. Be2 e6 6. d3 Nf6 7. Nbd2 Be7 8. Ne5 Bxe2 9. Qxe2 Nxe5 10. Bxe5 0-0 11. 0-0 Qa5 12. c4 Rfd8 13. Rfc1 Rd7 14. Rc2 Rad8 15. Rd1 dxc4 16. Nxc4 Qa6 17. e4 Ne8 18. Rcd2 Bg5 19. f4 Be7 20. Kf1 b5 21. Ne3 Qb7 22. g4 f6 23. Ba1 Nd6 24. f5 exf5 25. gxf5 c4 26. Nd5 cxb3 27. Qg4 Ne8 28. axb3 Kf8 29. Nf4 Nc7 30. Qh5 Bd6 31. Ne6+ Nxe6 32. fxe6 Re7 33. Qxh7 Rc7 34. Qh8+ Ke7 35. Qxg7+ Kxe6 36. Qxf6+ Kd7 37. Qf5+ Ke8 38. Rf2 Rf7 39. Bf6 Bf8 40. e5 Qh1+ 41. Ke2 Qd5 42. Qh5 1-0

[Event "Bucharest-B"]
[Site "Bucharest"]
[Date "1994.??.??"]
[Round "?"]
[White "Bogdan, Dan"]
[Black "Podgurkii, Stepan"]
[Result "0-1"]
[WhiteElo "2290"]
[BlackElo "2250"]
[PlyCount "74"]
[EventDate "1994.??.??"]
[EventType "tourn"]
[EventRounds "15"]
[EventCountry "ROU"]
[EventCategory "4"]
[SourceTitle "EXT 1997"]
[Source "ChessBase"]
[SourceDate "1996.11.15"]
[SourceVersion "1"]
[SourceVersionDate "1996.11.15"]
[SourceQuality "1"]

1. Nf3 Nf6 2. g3 b6 3. Bg2 Bb7 4. 0-0 e6 5. d3 d5 6. Nbd2 Bc5 7. e4 dxe4 8. Ng5 Nbd7 9. Ngxe4 Nxe4 10. Nxe4 Qc8 11. Qg4 Bf8 12. Qh5 g6 13. Qe2 Bg7 14. h4 h5 15. Bh3 0-0 16. g4 hxg4 17. Qxg4 f5 18. Qg3 fxe4 19. Bxe6+ Kh7 20. Qh3 Bc6 21. h5 g5 22. h6 Be5 23. Bf5+ Kh8 24. dxe4 Qd8 25. Rd1 g4 26. Bxg4 Qf6 27. Be3 Rg8 28. Kf1 Bb5+ 29. Ke1 Bxb2 30. c4 Bc3+ 31. Rd2 Ne5 32. Rad1 Bxd2+ 33. Bxd2 Rxg4 34. cxb5 Rxe4+ 35. Kf1 Qf3 36. Qxf3 Nxf3 37. Bc3+ Re5 0-1

[Event "Bucharest-B"]
[Site "Bucharest"]
[Date "1994.??.??"]
[Round "?"]
[White "Moldovan, Daniel"]
[Black "Podgurkii, Stepan"]
[Result "1/2-1/2"]
[WhiteElo "2405"]
[BlackElo "2250"]
[PlyCount "50"]
[EventDate "1994.??.??"]
[EventType "tourn"]
[EventRounds "15"]
[EventCountry "ROU"]
[EventCategory "4"]
[SourceTitle "EXT 1997"]
[Source "ChessBase"]
[SourceDate "1996.11.15"]
[SourceVersion "1"]
[SourceVersionDate "1996.11.15"]
[SourceQuality "1"]

1. e4 e5 2. Nf3 Nc6 3. Nc3 Nf6 4. Bb5 d6 5. d4 exd4 6. Nxd4 Bd7 7. 0-0 Be7 8. Re1 0-0 9. Bf1 Nxd4 10. Qxd4 Re8 11. h3 Bc6 12. Bf4 Nh5 13. Bd2 Bf6 14. Qd3 Be5 15. g3 Nf6 16. Bg2 Nd7 17. b4 a6 18. a3 g6 19. Rad1 Bg7 20. f4 Nb6 21. Bc1 Qf6 22. Bb2 Qe6 23. Ba1 Qc4 24. Bf1 Qe6 25. Bg2 Qe7 1/2-1/2

[Event "Bucharest-B"]
[Site "Bucharest"]
[Date "1994.??.??"]
[Round "?"]
[White "Munteanu, Alexandru"]
[Black "Podgurkii, Stepan"]
[Result "1-0"]
[WhiteElo "2325"]
[BlackElo "2250"]
[PlyCount "57"]
[EventDate "1994.??.??"]
[EventType "tourn"]
[EventRounds "15"]
[EventCountry "ROU"]
[EventCategory "4"]
[SourceTitle "EXT 1997"]
[Source "ChessBase"]
[SourceDate "1996.11.15"]
[SourceVersion "1"]
[SourceVersionDate "1996.11.15"]
[SourceQuality "1"]

1. e4 c5 2. Nf3 Nc6 3. d4 cxd4 4. Nxd4 Nf6 5. Nc3 d6 6. Bg5 e6 7. Qd2 a6 8. 0-0-0 h6 9. Be3 Be7 10. f3 Bd7 11. g4 Nxd4 12. Bxd4 e5 13. Be3 Be6 14. h4 Rc8 15. g5 hxg5 16. hxg5 Rxh1 17. gxf6 Rxf1 18. Rxf1 Bxf6 19. Rh1 g6 20. Bg5 Kd7 21. f4 Kc7 22. Rd1 exf4 23. Bxf6 Qd7 24. Qxf4 Qc6 25. Rxd6 Qxd6 26. Be5 Rd8 27. Bxd6+ Rxd6 28. Nd5+ Kc6 29. c4 1-0

[Event "Bucharest-B"]
[Site "Bucharest"]
[Date "1994.??.??"]
[Round "?"]
[White "Podgurkii, Stepan"]
[Black "Glodeanu, Ion"]
[Result "0-1"]
[WhiteElo "2250"]
[BlackElo "2305"]
[PlyCount "116"]
[EventDate "1994.??.??"]
[EventType "tourn"]
[EventRounds "15"]
[EventCountry "ROU"]
[EventCategory "4"]
[SourceTitle "EXT 1997"]
[Source "ChessBase"]
[SourceDate "1996.11.15"]
[SourceVersion "1"]
[SourceVersionDate "1996.11.15"]
[SourceQuality "1"]

1. e4 e5 2. Nf3 Nc6 3. Bc4 Bc5 4. c3 Nf6 5. d3 d6 6. 0-0 Bb6 7. Bb3 Ne7 8. Nbd2 c6 9. Re1 Ng6 10. Nf1 0-0 11. Ng3 h6 12. h3 d5 13. exd5 Nxd5 14. d4 exd4 15. Nxd4 Ndf4 16. Qf3 Bc7 17. Nh5 Nh4 18. Qe4 Nxh5 19. g3 Bxg3 20. fxg3 Nxg3 21. Qe5 Qxd4+ 22. cxd4 Nf3+ 23. Kf2 Nxe5 24. dxe5 Nf5 25. Bd2 Be6 26. Bd1 Rfd8 27. Bc3 Nd4 28. Re3 Nb5 29. Be1 Rd7 30. a4 Nd4 31. Rc1 Rad8 32. Bh5 g6 33. Rg3 Kh7 34. Be2 Nxe2 35. Kxe2 Rd4 36. a5 Re4+ 37. Re3 Rxe3+ 38. Kxe3 Bxh3 39. a6 Rd7 40. axb7 Rxb7 41. Bc3 Be6 42. Bd4 Bd5 43. Ra1 g5 44. Rf1 a5 45. Rf6 Rb3+ 46. Bc3 Be6 47. Kd2 a4 48. Kc2 a3 49. bxa3 Rxa3 50. Bb4 Ra8 51. Kd3 Rg8 52. Bd2 c5 53. Ke4 c4 54. Be1 h5 55. Rf2 h4 56. Rh2 Kh6 57. Rg2 Kh5 58. Rh2 Rd8 0-1